El miedo a la libertad

Guardat en:
Dades bibliogràfiques
Autor principal: Fromm, Erich (Autor)
Format: Llibre
Idioma:espanyol
Publicat: Buenos Aires Paidos 1992
Col·lecció:Paidos studio, 8
Matèries:
Etiquetes: Afegir etiqueta
Sense etiquetes, Sigues el primer a etiquetar aquest registre!

MARC

LEADER 00000nam a2200000 a 4500
001 UCW7693
003 CL-VaPUC
008 930707e19920000AG |||||||||||||||||spa|d
082 0 4 |a 123.5  |b FRO  |2 21 
100 0 |a Fromm, Erich  |e author  |9 312902 
245 1 3 |a El miedo a la libertad 
300 |a 287 p 
942 |c BK 
945 |d 19930707 00:00:00 
260 |a Buenos Aires  |b Paidos  |c 1992 
650 0 |a Libertad  |9 255686 
650 0 |a Psicología social   |9 222894 
583 |a last modification  |c 19930707 00:00:00  |k Rodrigo Vera 
490 0 |a Paidos studio, 8 
999 |c 220378  |d 220376 
952 |0 0  |1 0  |4 0  |6 123_500000000000000_FRO_1992  |7 0  |8 A  |9 212516  |a BIBEDU  |b BIBEDU  |d 2019-11-15  |i 2807173  |o 123.5 FRO 1992  |p 2807173  |r 2019-11-15  |w 2019-11-15  |y BK  |k EDU